000 00287nam a2200121Ia 4500
005 20251222154333.0
008 251222s9999||||xx |||||||||||||| ||spa||
020 _a84-206-1588-9
082 _a910.021.9/P86
100 _a"Prieto, Carlos"
245 0 _aEl Océano Pacífico
942 _cLIB
999 _c34225
_d34225